Loading...
History - American History | 0 | 6 | 0 | 0 | 60 | 23 | 70.33 | 5 | 6 |
Social Science | 0 | 5 | 1 | 0 | 45 | 82 | 96.40 | 3 | 5 |
Science - Biology | 0 | 4 | 1 | 1 | 35 | 108 | 121.25 | 3 | 4 |
Philosophy | 0 | 3 | 0 | 0 | 30 | 67 | 78.00 | 2 | 3 |
Science - Physics | 0 | 3 | 2 | 3 | 20 | 126 | 128.33 | 0 | 3 |
Other | 0 | 2 | 0 | 1 | 20 | 90 | 109.50 | 0 | 2 |
Science - Other Science | 0 | 2 | 0 | 1 | 20 | 117 | 119.50 | 1 | 2 |
Religion | 0 | 2 | 1 | 1 | 15 | 42 | 85.50 | 1 | 2 |
History - European History | 0 | 1 | 0 | 0 | 10 | 96 | 96.00 | 0 | 1 |
Science - Chemistry | 0 | 1 | 1 | 0 | 5 | 121 | 121.00 | 1 | 1 |
Fine Arts - Other Fine Arts | 0 | 0 | 0 | 0 | 0 | 0.00 | 0 | 0 | |
History - World History | 0 | 0 | 1 | 0 | -5 | 0.00 | 0 | 0 |